[Event "Stuttgart-chA int"]
[Site "Ditzingen"]
[Date "2009.05.22"]
[Round "4"]
[White "Von Schwerin, Clemens"]
[Black "Hoffmann, Ekkehard"]
[Result "1-0"]
[WhiteElo "1886"]
[BlackElo "1947"]
[PlyCount "61"]
[EventDate "2009.05.21"]
[EventType "swiss"]
[EventRounds "7"]
[EventCountry "GER"]
[SourceTitle "EXT 2018"]
[Source "ChessBase"]
[SourceDate "2017.10.13"]
[SourceVersion "1"]
[SourceVersionDate "2017.10.13"]
[SourceQuality "1"]

1. d4 g6 2. Nf3 Bg7 3. c4 d6 4. Nc3 Nc6 5. Bg5 h6 6. Bh4 g5 7. d5 gxh4 8. dxc6 bxc6 9. Nxh4 e5 10. g3 Ne7 11. Bg2 Be6 12. b3 0-0 13. e4 Qd7 14. 0-0 Rad8 15. Rc1 c5 16. Nd5 Nc6 17. f4 Bg4 18. Qd2 Nd4 19. f5 Ne2+ 20. Kh1 Nxc1 21. f6 Ne2 22. Ne7+ Kh7 23. fxg7 Qxe7 24. Nf5 Bxf5 25. exf5 Nf4 26. gxf8N+ Rxf8 27. gxf4 Rg8 28. fxe5 Qxe5 29. f6 Rg6 30. Qf4 Qb2 31. Be4 1-0

[Event "Stuttgart-chA int"]
[Site "Ditzingen"]
[Date "2008.05.01"]
[Round "1"]
[White "Tuncer, Ufuk"]
[Black "Hoffmann, Ekkehard"]
[Result "1/2-1/2"]
[WhiteElo "2306"]
[BlackElo "2002"]
[PlyCount "94"]
[EventDate "2008.05.01"]
[EventType "swiss"]
[EventRounds "7"]
[EventCountry "GER"]
[SourceTitle "CBM 124 Extra"]
[Source "ChessBase"]
[SourceDate "2008.07.03"]
[SourceVersion "1"]
[SourceVersionDate "2008.07.03"]
[SourceQuality "1"]

1. e4 Nf6 2. e5 Nd5 3. d4 d6 4. c4 Nb6 5. exd6 exd6 6. Nc3 Nc6 7. d5 Ne5 8. Be2 Bf5 9. f4 Ng6 10. Nf3 Nh4 11. 0-0 Nxf3+ 12. Bxf3 Be7 13. b3 0-0 14. Bb2 h6 15. Qd2 Bf6 16. Rae1 Qd7 17. Bc1 c6 18. Ne4 Bxe4 19. Bxe4 c5 20. g3 Bd4+ 21. Kg2 Rae8 22. Qd3 Re7 23. Bh7+ Kh8 24. Bf5 Qd8 25. Rxe7 Qxe7 26. Bd2 Re8 27. Re1 Qd8 28. Rxe8+ Qxe8 29. Bg4 Nd7 30. Bf3 Nf6 31. b4 b6 32. b5 Qd7 33. h3 Ng8 34. Bd1 f5 35. g4 fxg4 36. hxg4 Nf6 37. g5 Ng4 38. Bc2 Ne3+ 39. Bxe3 Qg4+ 40. Kf1 Qf3+ 41. Ke1 Qxe3+ 42. Qxe3 Bxe3 43. Ke2 Bxf4 44. g6 Kg8 45. Kf3 Be5 46. Kg4 Kf8 47. Kf5 Ke7 1/2-1/2

[Event "Stuttgart-chA int"]
[Site "Ditzingen"]
[Date "2008.05.01"]
[Round "3"]
[White "Yin, Stanley"]
[Black "Hoffmann, Ekkehard"]
[Result "1-0"]
[WhiteElo "1923"]
[BlackElo "2002"]
[PlyCount "95"]
[EventDate "2008.05.01"]
[EventType "swiss"]
[EventRounds "7"]
[EventCountry "GER"]
[SourceTitle "EXT 2018"]
[Source "ChessBase"]
[SourceDate "2017.10.13"]
[SourceVersion "1"]
[SourceVersionDate "2017.10.13"]
[SourceQuality "1"]

1. g3 d5 2. c3 e5 3. Na3 f5 4. d3 Nf6 5. Bg2 c6 6. Nc2 Bd6 7. Bg5 0-0 8. Nf3 Be6 9. 0-0 h6 10. Bxf6 Qxf6 11. Nd2 Na6 12. f4 exf4 13. gxf4 g5 14. e3 Nc7 15. d4 gxf4 16. exf4 Qh4 17. Qe1 Qf6 18. Qe3 Kh8 19. Nf3 Rg8 20. Ne5 Qg7 21. Qh3 Ne8 22. Rf3 Nf6 23. Rg3 Qh7 24. Re1 Ne4 25. Bxe4 dxe4 26. Ne3 Rxg3+ 27. hxg3 Rg8 28. Kf2 Bxe5 29. dxe5 Rd8 30. Rh1 Rd2+ 31. Ke1 Rd3 32. Qxh6 Rxe3+ 33. Kf2 Rf3+ 34. Kg2 Qxh6 35. Rxh6+ Kg7 36. Rxe6 Rd3 37. Re7+ Kg6 38. Rxb7 Rd2+ 39. Kf1 e3 40. Rxa7 Rxb2 41. Rc7 Kh5 42. Rg7 Rxa2 43. Rg5+ Kh6 44. Rxf5 Kg6 45. g4 c5 46. e6 Ra6 47. Rxc5 Rxe6 48. f5+ 1-0

[Event "Stuttgart-chA int"]
[Site "Gerlingen"]
[Date "2007.05.17"]
[Round "1"]
[White "Huettig, Michael"]
[Black "Hoffmann, Ekkehard"]
[Result "0-1"]
[WhiteElo "2189"]
[BlackElo "1985"]
[PlyCount "42"]
[EventDate "2007.05.17"]
[EventType "swiss"]
[EventRounds "7"]
[EventCountry "GER"]
[SourceTitle "EXT 2018"]
[Source "ChessBase"]
[SourceDate "2017.10.13"]
[SourceVersion "1"]
[SourceVersionDate "2017.10.13"]
[SourceQuality "1"]

1. Nf3 g6 2. g3 Bg7 3. Bg2 d6 4. 0-0 Nc6 5. c4 e5 6. Nc3 f5 7. d3 Nf6 8. Rb1 0-0 9. b4 Qe8 10. b5 Ne7 11. Ne1 Nd7 12. Qc2 Nc5 13. Ba3 Ne6 14. e3 f4 15. Nf3 g5 16. Nd5 g4 17. Nxe5 f3 18. Nxg4 fxg2 19. Kxg2 Nxd5 20. cxd5 Ng5 21. Qe2 h5 0-1

[Event "Harburg-chF 3rd"]
[Site "Hamburg"]
[Date "2005.06.25"]
[Round "3"]
[White "Hoffmann, Ekkehard"]
[Black "Olschok, Juergen"]
[Result "1-0"]
[WhiteElo "1668"]
[BlackElo "1700"]
[PlyCount "59"]
[EventDate "2005.06.??"]
[EventType "tourn"]
[EventRounds "5"]
[EventCountry "GER"]
[SourceTitle "EXT 2006"]
[Source "ChessBase"]
[SourceDate "2005.11.24"]
[SourceVersion "1"]
[SourceVersionDate "2005.11.24"]
[SourceQuality "1"]

1. e4 e6 2. d4 d5 3. exd5 exd5 4. Bd3 Bd6 5. Nc3 c6 6. Nf3 Bg4 7. Be3 Qf6 8. Be2 Nd7 9. Qd2 h6 10. 0-0-0 Ne7 11. h3 Bxf3 12. Bxf3 0-0 13. Bg4 Nb6 14. Be2 Rfe8 15. g4 Nc4 16. Bxc4 dxc4 17. g5 hxg5 18. Rhg1 Bf4 19. Ne4 Qh6 20. Nxg5 Bxe3 21. fxe3 Ng6 22. Rde1 Re7 23. e4 f6 24. Nf3 Kh7 25. Qxh6+ Kxh6 26. Rg4 Rae8 27. Reg1 Rxe4 28. Rxg6+ Kh7 29. Rxg7+ Kh8 30. R7g4 1-0